Statistics for Geography Knowledge Quiz

Click here to take the quiz!

General Stats

  • This quiz has been taken 29 times
  • The average score is 7 of 15

Answer Stats

QuestionAnswer% Correct
Which of these is NOT a capital city?Sydney
100%
What is the capital of Mali?Bamako
81%
How much of earth's surface is covered in water?71%
74%
What is the Swedish word for Sweden?Sverige
70%
What two countries border Mexico in the south?Belize and Guatemala
67%
What country has the abbreviation 'CH'Switzerland
63%
What is the number one exporter of CornUnited States
59%
How many prefectures does Japan have?47
33%
What is Europe named after?Princess
30%
Which country's territory is geographically closest to the North PoleCanada
26%
What country has 12 timezonesFrance
26%
What country borders the most countries?China
22%
]How many countries are located in the Southern Hemisphere?32
19%
What country is as wide as the moon?Australia
15%
what country has the most official languagesBolivia
11%

Score Distribution

Percentile by Number Answered

Percent of People with Each Score

Your Score History

You have not taken this quiz